[Event "FIDE World Uni Rapid-E 1st"]
[Site "Tornelo INT"]
[Date "2021.03.21"]
[Round "10"]
[White "Bitarinsa, Arthur"]
[Black "Pereira, Tiago Novaes"]
[Result "0-1"]
[WhiteElo "1617"]
[BlackElo "1771"]
[PlyCount "104"]
[EventDate "2021.03.20"]
[EventType "swiss (rapid)"]
[EventRounds "12"]
[EventCountry "NET"]
[SourceTitle "EXT 2022"]
[Source "ChessBase"]
[SourceDate "2021.10.06"]
[SourceVersion "1"]
[SourceVersionDate "2021.10.06"]
[SourceQuality "1"]

1. e4 c5 2. d3 Nc6 3. Nf3 Nf6 4. Nbd2 e6 5. g3 d5 6. Bg2 Be7 7. 0-0 dxe4 8. dxe4 Rb8 9. Re1 0-0 10. c3 b6 11. Qe2 Bb7 12. h4 h5 13. Nf1 g6 14. N1h2 Qc7 15. Bf4 e5 16. Bh6 Rfe8 17. Rad1 Rbd8 18. a4 Rxd1 19. Rxd1 Nd8 20. Nd2 a5 21. f4 Bf8 22. fxe5 Bxh6 23. exf6 Bxd2 24. Qxd2 Kh7 25. Qd7 Qe5 26. Qxf7+ Nxf7 27. Nf3 Qxf6 28. Rf1 Qd6 29. e5 Qd7 30. Re1 Re6 31. Kf2 Bxf3 32. Bxf3 Qd2+ 33. Re2 Qd7 34. g4 Rxe5 35. gxh5 Rxe2+ 36. Bxe2 gxh5 37. Bxh5 Ne5 38. Kg3 Qxa4 39. Be2 Ng6 40. Bd3 Qxh4+ 41. Kf3 Kh6 42. Ke2 Qh2+ 43. Ke3 Qxb2 44. Bxg6 Kxg6 45. Kd3 a4 46. Kc4 a3 47. Kd5 a2 48. c4 a1Q 49. Kc6 Qa4+ 50. Kb7 Qg7+ 51. Kb8 Qaa7+ 52. Kc8 Qgd7# 0-1

[Event "FIDE World Uni Rapid-E 1st"]
[Site "Tornelo INT"]
[Date "2021.03.21"]
[Round "9"]
[White "Pereira, Tiago Novaes"]
[Black "Anipchenko, Polina"]
[Result "0-1"]
[WhiteElo "1771"]
[BlackElo "1619"]
[PlyCount "96"]
[EventDate "2021.03.20"]
[EventType "swiss (rapid)"]
[EventRounds "12"]
[EventCountry "NET"]
[SourceTitle "EXT 2022"]
[Source "ChessBase"]
[SourceDate "2021.10.06"]
[SourceVersion "1"]
[SourceVersionDate "2021.10.06"]
[SourceQuality "1"]

1. d4 Nf6 2. Nf3 g6 3. c4 Bg7 4. Nc3 b6 5. Bf4 Bb7 6. e3 Nh5 7. Bg3 d6 8. Be2 Nd7 9. Bh4 c5 10. d5 Ne5 11. Nxe5 Bxe5 12. Bxh5 gxh5 13. Qxh5 Ba6 14. Qg4 h5 15. Qe4 Qd7 16. f4 Bg7 17. Rc1 0-0-0 18. b3 Rde8 19. a4 Bb7 20. 0-0 Qg4 21. f5 Bxc3 22. Qxg4 hxg4 23. Bg3 Bf6 24. Ra1 Bxa1 25. Rxa1 Kc7 26. a5 e6 27. axb6+ axb6 28. fxe6 fxe6 29. e4 exd5 30. exd5 Re3 31. b4 cxb4 32. Rb1 b3 33. Bf4 Rc3 34. Bd2 Rxc4 35. Rxb3 Bxd5 36. Rb5 Kc6 37. Rb1 b5 38. Ra1 Rc2 39. Be3 Rxg2+ 40. Kf1 Rf8+ 41. Ke1 Rxh2 42. Ra6+ Kd7 43. Ra7+ Ke6 44. Rg7 Bc4 45. Rg6+ Kd5 46. Rg5+ Kc6 47. Bf4 Rxf4 48. Rc5+ Kxc5 0-1

[Event "FIDE World Uni Rapid-E 1st"]
[Site "Tornelo INT"]
[Date "2021.03.20"]
[Round "6"]
[White "Deng, Haoyou"]
[Black "Pereira, Tiago Novaes"]
[Result "1-0"]
[WhiteElo "1672"]
[BlackElo "1771"]
[PlyCount "55"]
[EventDate "2021.03.20"]
[EventType "swiss (rapid)"]
[EventRounds "12"]
[EventCountry "NET"]
[SourceTitle "EXT 2022"]
[Source "ChessBase"]
[SourceDate "2021.10.06"]
[SourceVersion "1"]
[SourceVersionDate "2021.10.06"]
[SourceQuality "1"]

1. d4 d5 2. c4 e6 3. Nf3 Nf6 4. Nc3 Bb4 5. Qc2 Nc6 6. e3 Bd7 7. Bd2 Bxc3 8. Bxc3 Ne4 9. Bd3 f5 10. 0-0 Qf6 11. b4 g5 12. b5 Ne7 13. Ne5 Ng6 14. Nxd7 Kxd7 15. Bxe4 fxe4 16. f3 exf3 17. Rxf3 Qe7 18. c5 c6 19. Rb1 Kc7 20. Be1 Raf8 21. Bg3+ Kc8 22. Qa4 Rxf3 23. gxf3 e5 24. bxc6 bxc6 25. Qxc6+ Qc7 26. Qxd5 Qd7 27. Rb8+ Kc7 28. Rb7+ 1-0